[Event "TCh-AUT 2001-2"]
[Site "Dornbirn AUT"]
[Date "2002.03.08"]
[Round "9"]
[White "Stanec,N"]
[Black "Muse,M"]
[Result "1/2-1/2"]
[WhiteElo "2504"]
[BlackElo "2497"]

1.c4 Nf6 2.g3 g6 3.Bg2 Bg7 4.Nf3 O-O 5.O-O d6 6.Nc3 c6 7.d3 Qa5 8.e4 Qh5
9.Ng5 Qxd1 10.Rxd1 h6 11.Nf3 a5 12.h3 a4  1/2-1/2

[Event "TCh-AUT 2001-2"]
[Site "Dornbirn AUT"]
[Date "2002.03.09"]
[Round "10"]
[White "Stangl,M"]
[Black "Polzin,R"]
[Result "0-1"]
[WhiteElo "2457"]
[BlackElo "2462"]

1.Nf3 Nf6 2.c4 g6 3.g3 Bg7 4.Bg2 O-O 5.O-O d6 6.Nc3 e5 7.d3 Re8 8.Rb1 a5
9.a3 c6 10.b4 axb4 11.axb4 d5 12.Nd2 Be6 13.Bb2 Nbd7 14.Qb3 e4 15.cxd5 Nxd5
16.Nxd5 Bxd5 17.Qc2 exd3 18.Qxd3 Ne5 19.Bxe5 Bxg2 20.Kxg2 Rxe5 21.Nc4 Rb5
22.Qxd8+ Rxd8 23.Na3 Re5 24.e3 Rd3 25.Nc2 Rd2 26.Na3 Ra2 27.Rb3 Bf8 28.Rc1 Rf5
29.Rf1 b5 30.e4 Re5 31.Rc1 Re6 32.Rcc3 Bg7 33.Rc5 Bd4 34.Rc2 Rxc2 35.Nxc2 Rxe4
36.Kf3 f5 37.Rd3 Bb6 38.Rd6 Rc4 39.Ne1 Kf7 40.Rd7+ Ke6 41.Rb7 Bd4 42.Nd3 Rc3
43.Ke2 Kd5 44.Rd7+ Kc4 45.Nb2+ Kb3 46.Rxd4 Kxb2 47.Rd7 Rc4 48.Rxh7 Rxb4 49.Rg7 Re4+
50.Kf3 c5 51.Rxg6 c4 52.Rb6 Re5 53.Rc6 c3  0-1

[Event "TCh-AUT 2001-2"]
[Site "Dornbirn AUT"]
[Date "2002.03.09"]
[Round "10"]
[White "Hoelzl,F"]
[Black "Muse,M"]
[Result "1/2-1/2"]
[WhiteElo "2369"]
[BlackElo "2497"]

1.c4 g6 2.g3 Bg7 3.Bg2 Nf6 4.Nf3 O-O 5.O-O d6 6.d4 Nbd7 7.Nc3 e5 8.e3 Re8
9.b3 c6 10.Qc2 Qc7 11.Bb2 Nf8 12.h3 Bf5 13.e4 Bd7 14.Rad1 Rad8 15.Rd2 exd4
16.Nxd4 Qc8 17.Kh2 Re5 18.Nde2 Rh5 19.Nf4 Rh6 20.Rxd6 Bxh3 21.Rxd8 Bxg2+
22.Kxg2 Qxd8 23.Nd1 Qd7 24.Bxf6 Bxf6 25.Qd3 Qc8 26.Rh1 Rxh1 27.Kxh1 Bg5 28.Ne2 Qh3+
29.Kg1 Nd7 30.f4 Be7 31.Nf2 Nc5 32.Qe3 Qd7 33.Kg2 a5 34.e5 Qf5 35.Nd4 Qb1
36.a4 Qb2 37.Kf3 Qb1 38.e6 fxe6 39.Qe5 Kf7 40.Kg2 h5 41.Nf3 Qc2 42.Qd4 Kg8
43.Ne5 Kh7 44.Nf7 Kg8 45.Nh6+  1/2-1/2

[Event "Mediteran Cup WGM"]
[Site "Rijeka CRO"]
[Date "2002.03.09"]
[Round "1"]
[White "Pahor,A"]
[Black "Kaps,D"]
[Result "1-0"]
[WhiteElo "2011"]
[BlackElo "2243"]

1.Nf3 Nf6 2.c4 g6 3.g3 Bg7 4.Bg2 O-O 5.O-O d6 6.Nc3 Nc6 7.d3 Bg4 8.h3 Bd7
9.Rb1 Qc8 10.Kh2 Nh5 11.Nd5 e6 12.Nf4 Nxf4 13.Bxf4 e5 14.Bd2 a5 15.Qc1 f5
16.Bh6 f4 17.Bxg7 Kxg7 18.e3 Nb4 19.exf4 Bc6 20.a3 Nxd3 21.Qc3 Nc5 22.fxe5 Na4
23.Qe3 dxe5 24.Qxe5+ Kg8 25.Ng5 Bxg2 26.Kxg2 Ra6 27.Qe7  1-0

[Event "Anibal Open"]
[Site "Linares ESP"]
[Date "2002.03.10"]
[Round "10"]
[White "Vassallo,M"]
[Black "Kotronias,V"]
[Result "1-0"]
[WhiteElo "2440"]
[BlackElo "2568"]

1.Nf3 Nf6 2.g3 g6 3.Bg2 Bg7 4.c4 O-O 5.O-O d6 6.d4 Nbd7 7.Qc2 e5 8.Rd1 Qe7
9.e4 c6 10.Nc3 exd4 11.Nxd4 Re8 12.f3 Nc5 13.Be3 a5 14.Bf2 Nfd7 15.b3 h5
16.h3 Nf8 17.Qd2 a4 18.b4 Nce6 19.Rac1 h4 20.g4 Be5 21.Nce2 Qf6 22.Be3 Nxd4
23.Nxd4 Ne6 24.g5 Qh8 25.f4 Nxd4 26.Bxd4 Bxd4+ 27.Qxd4 Qxd4+ 28.Rxd4 a3 29.Rxd6 Ra4
30.Rb1 Be6 31.Bf1 c5 32.Kf2 b5 33.bxc5 Bxc4 34.c6 Bxf1 35.Kxf1 Raxe4 36.c7 Rxf4+
37.Kg1 Ra4 38.Rd8 Ra8 39.Rxa8  1-0

[Event "Open"]
[Site "Reykjavik ISL"]
[Date "2002.03.10"]
[Round "4"]
[White "Bjarnason,S"]
[Black "Gunnarsson,J"]
[Result "0-1"]
[WhiteElo "2256"]
[BlackElo "2402"]

1.Nf3 Nf6 2.c4 g6 3.g3 Bg7 4.Bg2 O-O 5.O-O d6 6.Nc3 Nc6 7.Rb1 e5 8.d3 h6
9.b4 Be6 10.b5 Ne7 11.a4 Qd7 12.Re1 Bh3 13.Bh1 Ne8 14.Ba3 f5 15.Qb3 Kh7 16.c5 Rd8
17.a5 dxc5 18.Bxc5 b6 19.axb6 axb6 20.Ba3 Nd6 21.Rec1 Ndc8 22.Bb2 g5 23.Nd1 Ng6
24.Ne1 Nd6 25.Bc6 Qe7 26.f3 g4 27.Nf2 Qg5 28.Nxh3 gxh3 29.Kf1 f4 30.g4 h5
31.gxh5 Nh4 32.Be4+ Nxe4 33.dxe4 Ng2 34.Nd3 Bf6 35.Rxc7+ Kh8 36.Bc1 Ne3+
37.Ke1 Rxd3 38.exd3 Qg2 39.Bxe3 fxe3 40.Qb2 Qg1+ 41.Ke2 Qg2+ 42.Kd1 Rg8 43.Qe2 Bg5
44.Rc6 Bf4 45.Rg6 Rxg6 46.hxg6 Qxg6 47.Kc2 Qg2 48.Re1 Bxh2 49.Kd1 Kh7 50.Qxe3 Bf4
51.Qe2 Qg3 52.Rf1 h2 53.Qe1 Qh3 54.Rh1 Qxf3+ 55.Kc2 Kg6 56.Rf1 Qg2+ 57.Kb3 Qh3
58.Kc3 Qc8+ 59.Kb3 Qe6+ 60.Kb2 Qd7 61.Qd1 Qxb5+ 62.Ka2 Qa5+ 63.Kb3 Qb5+ 64.Ka2 Kf6
65.Qc2 Qa5+ 66.Kb3 Qb5+ 67.Ka2 Ke7 68.Qc7+ Qd7 69.Qxb6 Qxd3 70.Qa7+ Kf6 71.Qf2 Qxe4
72.Qh4+ Ke6 73.Qg4+ Qf5 74.Qg8+ Qf7 75.Qg2 Kf5+ 76.Kb2 Qh5 77.Re1 Qg4 78.Qe4+ Kg5
79.Kc2 Qf5 80.Kd3 Qxe4+ 81.Kxe4 Kg4 82.Ra1 Kg3 83.Ra3+ Kf2 84.Ra2+ Ke1 85.Ra1+ Ke2
86.Rh1 Kf2  0-1

[Event "Mediteran Cup WGM"]
[Site "Rijeka CRO"]
[Date "2002.03.13"]
[Round "6"]
[White "Pahor,A"]
[Black "Jelica,M"]
[Result "1-0"]
[WhiteElo "2011"]
[BlackElo "2204"]

1.Nf3 Nf6 2.c4 g6 3.g3 Bg7 4.Bg2 O-O 5.O-O c6 6.Nc3 d6 7.d3 e5 8.Rb1 a5 9.a3 h6
10.b4 axb4 11.axb4 Be6 12.b5 Qd7 13.Na4 Qc7 14.b6 Qc8 15.c5 e4 16.dxe4 Nxe4
17.cxd6 Rd8 18.Qc2 Nxd6 19.e4 Nxe4 20.Bxh6 Nxg3 21.Bxg7 Bf5 22.Qb2 Nh5 23.Rbd1 Rxa4
24.Be5 Re8 25.Rd4 Rxd4 26.Qxd4 Nd7 27.Bg3 Nxg3 28.hxg3 c5 29.Qh4 Kg7 30.Ng5 Nf6
31.Qf4 c4 32.Nf3 Re4 33.Qd6 Re6 34.Qd4 Qd7 35.Qb2 Bd3 36.Ra1 Qd8 37.g4 Qxb6
38.Qc3 Re2 39.Nd4 Rb2 40.g5 Rb1+ 41.Rxb1 Qxb1+ 42.Kh2 Ng4+ 43.Kg3 f5 44.Nxf5+  1-0

[Event "TCh-FIN 2001-02"]
[Site "FIN"]
[Date "2002.03.16"]
[Round "8"]
[White "Porrasmaa,T"]
[Black "Paldanius,P"]
[Result "1-0"]
[WhiteElo "2220"]
[BlackElo "2252"]

1.Nf3 Nf6 2.c4 g6 3.g3 Bg7 4.Bg2 O-O 5.O-O d6 6.Nc3 c5 7.a3 Nc6 8.Rb1 a5
9.Ne1 Be6 10.d3 Qd7 11.Nd5 Bxd5 12.cxd5 Nd4 13.a4 b5 14.e3 Nf5 15.axb5 Qxb5
16.Nc2 Qb3 17.Na3 a4 18.Nc4 Nd7 19.Qxb3 axb3 20.Bd2 Ne5 21.Nxe5 Bxe5 22.Rfc1 Ra2
23.Bc3 Bg7 24.Bf3 Bh6 25.Kf1 Rb8 26.Bd1 e5 27.dxe6 fxe6 28.Ra1 d5 29.Be5 Rb7
30.Rxa2 bxa2 31.Ra1 d4 32.exd4 cxd4 33.Rxa2 Bc1 34.g4 Rb5 35.Ra8+ Kf7 36.Ra7+ Kg8
37.Bf6 Nd6 38.Bxd4 Bxb2 39.Bxb2 Rxb2 40.Ra6 Rb1 41.Ke1 Nb5 42.Rb6 Nc3 43.Rxb1 Nxb1
44.Bb3 Kf7 45.g5 Nc3 46.Bc4 Na4 47.Ke2 Nb6 48.Ke3 Ke7 49.Bb3 Nc8 50.d4 Nd6
51.Bc2 Nf7 52.h4 Kd6 53.f4 Ke7 54.h5 gxh5 55.Bxh7 Nd6 56.Bd3 Kf7 57.Kf3 Ne8
58.Kg3 Nc7 59.Be4 Nb5 60.d5 Nc3 61.dxe6+ Kxe6 62.Bg6 Ne2+ 63.Kf3  1-0

[Event "Suetin Mem"]
[Site "Tula RUS"]
[Date "2002.03.26"]
[Round "4"]
[White "Kalichkin,I"]
[Black "Selin,O"]
[Result "0-1"]
[WhiteElo "2268"]
[BlackElo "2440"]

1.Nf3 Nf6 2.c4 g6 3.g3 Bg7 4.Bg2 O-O 5.Nc3 d6 6.O-O Nc6 7.d3 e5 8.Bd2 h6
9.Rb1 a5 10.a3 Be6 11.b4 axb4 12.axb4 Qd7 13.b5 Ne7 14.Ne1 Bh3 15.Nc2 Bxg2
16.Kxg2 c6 17.bxc6 bxc6 18.e3 d5 19.Qe2 Nh7 20.cxd5 cxd5 21.d4 e4 22.Ra1 Ng5  0-1

[Event "ch-MGL"]
[Site "Ulaanbaatar MGL"]
[Date "2002.04.06"]
[Round "8"]
[White "Adyatomor,C"]
[Black "Sharavdorj,D"]
[Result "0-1"]
[WhiteElo "2060"]
[BlackElo "2425"]

1.c4 Nf6 2.Nf3 g6 3.g3 Bg7 4.Bg2 O-O 5.O-O d6 6.Nc3 e5 7.d4 Nbd7 8.b3 Re8
9.dxe5 dxe5 10.e4 c6 11.Qc2 Qc7 12.Ba3 Nf8 13.Rad1 Bg4 14.h3 Bxf3 15.Bxf3 Qc8
16.Bg2 Ne6 17.Ne2 Nd7 18.f4 a5 19.Bd6 Nec5 20.f5 Bf8 21.g4 Qd8 22.Qc1 Qh4
23.Bxf8 Nxf8 24.Qe3 Na6 25.Qb6 Qe7 26.Qe3 Qc5 27.Qxc5 Nxc5 28.Rd6 Red8 29.Rfd1 Rxd6
30.Rxd6 Nfd7 31.Kf2 Kf8 32.Nc3 Ke7 33.Rd2 g5 34.Ne2 Nf6 35.Ng3 Ra6 36.Ke3 Rb6
37.Rb2 Rb4 38.Kd2 b5 39.cxb5 cxb5 40.Rc2 Rd4+ 41.Ke2 Nfxe4 42.Nxe4 Nxe4 43.Rc7+ Kf6
44.Rc6+ Nd6 45.Ra6 e4 46.Bxe4 Rxe4+ 47.Kd3 Ke5 48.Rxd6 Rxg4 49.Rb6 Rg3+ 50.Ke2 Ke4
51.f6 Rg2+ 52.Kf1 Rxa2 53.Rxb5 h6 54.Rb7 Kf5 55.Rxf7 Kg6 56.Rf8 Rb2 57.f7 Rxb3
58.Ra8 Kxf7 59.Ra6 a4 60.h4 g4 61.Rxh6  0-1

[Event "10th Hotel Opatija GM"]
[Site "Kastav CRO"]
[Date "2002.04.12"]
[Round "4"]
[White "Mandekic,I"]
[Black "Mukic,J"]
[Result "0-1"]
[WhiteElo "2293"]
[BlackElo "2379"]

1.Nf3 g6 2.c4 Bg7 3.g3 Nf6 4.Bg2 O-O 5.O-O d6 6.Nc3 c5 7.d3 Nc6 8.Rb1 a5
9.a3 Ne8 10.Bd2 Nc7 11.Ne1 Be6 12.Nd5 Bxd5 13.cxd5 Ne5 14.a4 Qd7 15.h3 f5
16.f4 Nf7 17.e4 b5 18.Nc2 b4 19.b3 fxe4 20.dxe4 c4 21.e5 dxe5 22.d6 exd6
23.Bxa8 Rxa8 24.bxc4 Qxh3 25.Qf3 e4 26.Qf2 Ne6 27.Be3 Rc8 28.Rb3 Rxc4 29.Bb6 Nh6
30.Ne3 Rc6 31.Bxa5 Nd4 32.Nd5 Rc2  0-1

[Event "Golden Cleopatra"]
[Site "Cairo EGY"]
[Date "2002.04.13"]
[Round "7"]
[White "Mirzoev,A"]
[Black "Blehm,P"]
[Result "1/2-1/2"]
[WhiteElo "2494"]
[BlackElo "2535"]

1.Nf3 Nf6 2.c4 g6 3.g3 Bg7 4.Bg2 O-O 5.O-O d6 6.Nc3 a6 7.d3 c5 8.a3 Nc6 9.Rb1 Rb8
10.b4 cxb4 11.axb4  1/2-1/2

[Event "Golden Cleopatra"]
[Site "Cairo EGY"]
[Date "2002.04.15"]
[Round "9"]
[White "Szekely,P"]
[Black "Mekki,N"]
[Result "1-0"]
[WhiteElo "2439"]
[BlackElo "2206"]

1.Nf3 Nf6 2.c4 g6 3.g3 Bg7 4.Bg2 O-O 5.d4 d6 6.Nc3 c6 7.O-O Nbd7 8.e4 e5
9.b3 Re8 10.h3 Qc7 11.Re1 Nh5 12.Be3 Nf8 13.Qd2 f5 14.Rad1 Qf7 15.Bh6 Bf6
16.dxe5 dxe5 17.c5 Qe7 18.b4 a5 19.a3 axb4 20.axb4 Nd7 21.exf5 gxf5 22.g4 e4
23.gxh5 Qf7 24.Ng5 Qxh5 25.Ngxe4 fxe4 26.Nxe4 Be5 27.Nd6 Bxd6 28.Rxe8+ Qxe8
29.cxd6 Qe5 30.Qc1 Nf6 31.Re1 Qh5 32.Qf4 Bf5 33.Bg5 Qg6 34.Re5  1-0

[Event "10th Hotel Opatija GM"]
[Site "Kastav CRO"]
[Date "2002.04.17"]
[Round "10"]
[White "Mukic,J"]
[Black "Topalovic,Z"]
[Result "1/2-1/2"]
[WhiteElo "2379"]
[BlackElo "2223"]

1.Nf3 Nf6 2.c4 g6 3.g3 Bg7 4.Bg2 O-O 5.O-O d6 6.Nc3 c5 7.d3 Nc6 8.Rb1 Bd7
9.a3 Ne8 10.Bd2 a5 11.Ne1 e6 12.b3 f5 13.Nc2 Rb8 14.b4 axb4 15.axb4 b6 16.bxc5 bxc5
17.Rxb8 Nxb8  1/2-1/2

[Event "TCh-ISR"]
[Site "ISR"]
[Date "2002.04.19"]
[Round "9"]
[White "Berkovich,M"]
[Black "Huzman,A"]
[Result "1/2-1/2"]
[WhiteElo "2421"]
[BlackElo "2580"]

1.Nf3 Nf6 2.g3 g6 3.c4 Bg7 4.Bg2 O-O 5.O-O c6 6.Nc3 d5 7.cxd5 cxd5 8.d4 Nc6
9.Ne5 e6 10.Nxc6 bxc6 11.Bf4 Nd7 12.Na4 Ba6 13.Rc1 Bb5 14.Re1 Qa5 15.Nc3 Rfc8
16.Bd6 Qb6 17.e3 a5 18.Na4 Qa6  1/2-1/2

[Event "TUR-BUL Chess Summit"]
[Site "Istanbul TUR"]
[Date "2002.04.27"]
[Round "6"]
[White "Popchev,M"]
[Black "Erdogdu,M"]
[Result "0-1"]
[WhiteElo "2431"]
[BlackElo "2295"]

1.c4 Nf6 2.Nf3 g6 3.g3 Bg7 4.Bg2 O-O 5.O-O d5 6.d3 dxc4 7.dxc4 c6 8.Qb3 Nbd7
9.Nc3 Qa5 10.Bf4 Nc5 11.Qd1 Qb4 12.Qd2 Qxc4 13.Rac1 Qa6 14.Rfd1 Bf5 15.Ne5 Nce4
16.Nxe4 Nxe4 17.Qe3 Nf6 18.a3 Rad8 19.Nd3 Bxd3 20.exd3 e6 21.Qc5 Nd5 22.Bxd5 Rxd5
23.Qc4 Qb6 24.Rc2 Rfd8 25.Be3 Bd4 26.Re1 a6 27.b4 Qb5 28.Kg2 Bxe3 29.Rxe3 Rxd3
30.Qxb5 axb5 31.Kf3 Kf8 32.Ke2 Rxe3+ 33.Kxe3 Ke7 34.f4 Rd5 35.g4 g5 36.fxg5 Rxg5
37.Kf4 h6 38.h4 Rd5 39.Rc3 f6 40.Re3 h5 41.gxh5 Rxh5 42.Kg4 Rh8 43.h5 Rg8+
44.Kh4 f5 45.h6 Kf6 46.Rd3 Kg6 47.Rd6 Kxh6 48.Rxe6+ Rg6 49.Re5 Rg4+ 50.Kh3 Kg5
51.Re7 Re4 52.Rxb7 Re3+ 53.Kg2 Rxa3 54.Rc7 Rc3 55.Kf2 Kf4 56.Ke2 Ke4 57.Re7+ Kd5
58.Rd7+ Ke5  0-1

[Event "ch-URU"]
[Site "Montevideo URU"]
[Date "2002.05.06"]
[Round "1"]
[White "Bauza,A"]
[Black "Crosa,M"]
[Result "0-1"]
[WhiteElo "2260"]
[BlackElo "2384"]

1.Nf3 Nf6 2.g3 g6 3.c4 Bg7 4.Bg2 O-O 5.d4 d6 6.O-O Nc6 7.Nc3 a6 8.h3 Rb8
9.Be3 b5 10.Nd2 Na5 11.cxb5 axb5 12.b4 Nc4 13.Nxc4 bxc4 14.b5 Bd7 15.Rb1 Qc8
16.Kh2 d5 17.a4 c6 18.Bf4 Ra8 19.b6 Qb7 20.e4 Ra6 21.Bc7 Rfa8 22.Rb4 e6 23.exd5 cxd5
24.Rxc4 Ne8 25.Rc5 Bc6 26.Qc1 Nxc7 27.bxc7 Bxd4 28.Nb5 Bxc5 29.Qxc5 Rxa4
30.Nd6 Qxc7 31.Rc1 R4a6 32.Bf1 Qb6  0-1

[Event "Capablanca Mem Premier I"]
[Site "Havana CUB"]
[Date "2002.05.07"]
[Round "2"]
[White "Alonso,Re"]
[Black "Vassallo,M"]
[Result "1/2-1/2"]
[WhiteElo "2398"]
[BlackElo "2438"]

1.Nf3 Nf6 2.c4 g6 3.g3 Bg7 4.Bg2 O-O 5.O-O d6 6.d4 c6 7.Nc3 Qb6 8.b3 Qa5
9.Qd2 Qh5 10.Qg5 Qxg5 11.Bxg5 h6  1/2-1/2

[Event "ch-UKR"]
[Site "Alushta UKR"]
[Date "2002.05.08"]
[Round "6"]
[White "Ustianovich,N"]
[Black "Malikov,V"]
[Result "1-0"]
[WhiteElo "2290"]
[BlackElo "2149"]

1.Nf3 Nf6 2.c4 g6 3.g3 Bg7 4.Bg2 O-O 5.O-O d6 6.d4 Nbd7 7.Nc3 c6 8.e4 c5
9.d5 Ng4 10.Qe2 Nge5 11.Nd2 Nb6 12.h3 f6 13.f4 Nf7 14.Nf3 e6 15.dxe6 Bxe6
16.b3 a6 17.Bb2 Qd7 18.Kh2 Rae8 19.Rae1 f5 20.Qc2 Qc8 21.Rf2 Qc7 22.Rfe2 Bd7
23.Qb1 Re7 24.Qa1 Rfe8 25.Nd5 Nxd5 26.Bxg7 Nb4 27.e5 Qb8 28.Bf6 Re6 29.Qc3 d5
30.a3 a5 31.axb4 cxb4 32.Qd2 d4 33.Ng5 Nxg5 34.fxg5 Bc6 35.Bd5 b5 36.Ra1 bxc4
37.bxc4 Bxd5 38.cxd5 Rxe5 39.Bxe5 Rxe5 40.Rae1 Rxe2+ 41.Qxe2 Qd6 42.Qe8+ Qf8
43.d6  1-0

[Event "Capablanca Mem Premier I"]
[Site "Havana CUB"]
[Date "2002.05.10"]
[Round "5"]
[White "Alonso,Re"]
[Black "Cacho Reigadas,S"]
[Result "0-1"]
[WhiteElo "2398"]
[BlackElo "2469"]

1.Nf3 Nf6 2.c4 g6 3.g3 Bg7 4.Bg2 O-O 5.O-O d6 6.d4 Nbd7 7.Nc3 e5 8.e4 a6
9.dxe5 dxe5 10.h3 b5 11.Qe2 c6 12.Rd1 Qe7 13.b3 Bb7 14.Bb2 Rfe8 15.a3 Nf8
16.cxb5 axb5 17.b4 N6d7 18.Bc1 Ne6 19.Be3 Red8 20.h4 Ndf8 21.Qb2 Nd4 22.Bg5 f6
23.Be3 Nfe6 24.Ne2 Nxe2+ 25.Qxe2 Rxd1+ 26.Qxd1 c5 27.bxc5 Nxc5 28.Qb1 Ba6
29.Qa2+ Kh8 30.Qd5 Rc8 31.Rc1 Bb7 32.Qd2 Nxe4 33.Rxc8+ Bxc8 34.Qa5 Nd6 35.Qb4 Qd7
36.Nd2 Nf5 37.Bc5 h5 38.Bf1 Bb7 39.Bxb5 Qd5 40.Kf1 Bh6 41.Ke2 Bxd2  0-1

[Event "ch-URU"]
[Site "Montevideo URU"]
[Date "2002.05.10"]
[Round "5"]
[White "Bauza,A"]
[Black "Larrea,M"]
[Result "1-0"]
[WhiteElo "2260"]
[BlackElo "2180"]

1.Nf3 Nf6 2.c4 g6 3.g3 Bg7 4.Bg2 O-O 5.O-O d6 6.d4 c6 7.Nc3 Qa5 8.h3 e5 9.e4 Re8
10.d5 cxd5 11.cxd5 b5 12.Re1 b4 13.Na4 Nbd7 14.Nd2 Ba6 15.b3 Rac8 16.Nb2 Nc5
17.Ndc4 Qc7 18.Bd2 Rb8 19.Rc1 Rf8 20.Nxe5 dxe5 21.Na4 Nfd7 22.Be3 Rb5 23.Bf1 Rfb8
24.Bxb5 Rxb5 25.d6 Qa5 26.Nxc5 Nxc5 27.Bxc5 Rxc5 28.Rxc5 Qxc5 29.d7 Bf6 30.Qc1 Qb6
31.Qc8+ Bd8 32.Rc1 Bb5 33.Qxd8+ Qxd8 34.Rc8 Kf8 35.Rxd8+ Ke7 36.Ra8 Bxd7
37.Rxa7 Kd6 38.Rb7  1-0

[Event "Croatian Cup"]
[Site "Pula CRO"]
[Date "2002.05.11"]
[Round "5"]
[White "Savic,Mir"]
[Black "Trbojevic,M"]
[Result "1-0"]
[WhiteElo "2184"]
[BlackElo "2237"]

1.Nf3 Nf6 2.c4 g6 3.g3 Bg7 4.Bg2 O-O 5.O-O d5 6.cxd5 Nxd5 7.Nc3 Nc6 8.d4 Nb6
9.e3 Re8 10.Qe2 e5 11.dxe5 Nxe5 12.Nxe5 Bxe5 13.Rd1 Qe7 14.a4 a5 15.e4 Be6
16.Nd5 Bxd5 17.exd5 Qf6 18.Qc2 Rad8 19.h4 Rd7 20.Bg5 Qd6 21.Rac1 f6 22.Bh6 f5
23.f4 Bf6 24.b3 Re3 25.Kh2 Rde7 26.Rd2 Qb4 27.d6 cxd6 28.Rcd1 Rc3 29.Qa2 Qxb3
30.Qxb3+ Rxb3 31.Rxd6 Kf7 32.Rxb6 Rxb6 33.Rd8 Bg7 34.Bd5+ Rbe6 35.Bg5 Bf6
36.Rd6 Bxg5 37.hxg5 Re8 38.Rb6 Re7 39.Kh3 Re8 40.g4 Re7 41.Kh4 Re8 42.gxf5 gxf5
43.Bc4 Re7 44.Bb3 Re8 45.Ba2 Re7 46.Kg3 Re8 47.Kf3 Re7 48.Bd5 Re8 49.Kg2 Re7
50.Kh3 Re8 51.Kh4 Re7 52.Kh5 Re8 53.Rxb7+ Kf8 54.Bxe6 Rxe6 55.Rxh7 Re4 56.Kg6 Rxf4
57.Kf6 Kg8 58.Ra7 Rb4 59.Ra8+ Kh7 60.g6+  1-0

[Event "4th Borowski C"]
[Site "Essen GER"]
[Date "2002.05.18"]
[Round "3"]
[White "Heinzel,O"]
[Black "Curic,D"]
[Result "1-0"]
[WhiteElo "2374"]
[BlackElo "2218"]

1.Nf3 g6 2.c4 Bg7 3.g3 Nf6 4.Bg2 O-O 5.O-O d6 6.Nc3 Nbd7 7.Rb1 Nb6 8.d3 d5
9.c5 Nbd7 10.b4 c6 11.e4 Ng4 12.Qc2 d4 13.Ne2 e5 14.h3 Nh6 15.Nd2 f5 16.Nc4 fxe4
17.dxe4 Nf7 18.Qb3 Kh8 19.f4 b5 20.Nb2 a5 21.a3 axb4 22.axb4 Nf6 23.Nd3 Qe8
24.Nxe5 Nxe4 25.Bxe4 Nxe5 26.fxe5 Rxf1+ 27.Kxf1 Qxe5 28.Qf3 Bxh3+ 29.Kg1 Re8
30.Bd3 Rf8 31.Bf4 Qe6 32.Qe4 Qd7 33.Rd1 Re8 34.Qh1 h6 35.Re1 Kh7 36.Qf3 Bg4
37.Qg2 Re6 38.Qf2 Kh8 39.Nc1 Rf6 40.Qh2 h5 41.Qd2 Re6 42.Rxe6 Qxe6 43.Kf2 Qd5
44.Qe1 Bf5 45.Qe2 Kh7 46.Qf3 Qe6 47.Bxf5 Qxf5 48.Nd3 g5 49.Be5 Qg6 50.Bxg7 Kxg7
51.Qe2 Qf5+ 52.Kg1 Kf6 53.Qf2 Qxf2+ 54.Kxf2 Kf5 55.Kf3 g4+ 56.Ke2 Ke4 57.Nf2+ Kd5
58.Kd3 Ke5  1-0

[Event "Guillermo Garcia TORRE"]
[Site "Santa Clara CUB"]
[Date "2002.05.22"]
[Round "4"]
[White "Vassallo,M"]
[Black "Garcia Martinez,S"]
[Result "1/2-1/2"]
[WhiteElo "2438"]
[BlackElo "2395"]

1.Nf3 Nf6 2.c4 g6 3.g3 Bg7 4.Bg2 O-O 5.O-O d6 6.d4 Nc6 7.Nc3 a6 8.e3 Rb8
9.Qe2 e6 10.Nd2 Bd7 11.Rd1 e5 12.dxe5 Nxe5 13.h3 b5 14.cxb5 axb5 15.f4 Nc6
16.Nxb5 Re8 17.a4 Ne7 18.e4 Qc8 19.Qf1 Nc6 20.Kh2 h5 21.Ra3 Rb6 22.Nc4 Rb8
23.Ncxd6 cxd6 24.Nxd6 Qc7 25.Nxe8 Nxe8 26.e5 Ne7 27.Rc3 Qa7 28.Be3 Qxa4 29.Ra3 Qb5
30.Qxb5 Bxb5 31.Rb3 Nc7 32.Bc5 Re8 33.Rb4 Nf5 34.Bd6 Bf8 35.Bf3 Ne6 36.Rxb5 Ned4
37.Rb4 Nxf3+ 38.Kg2 Bxd6 39.Ra4 N5h4+ 40.gxh4 Nxh4+ 41.Kf2 Bc5+ 42.Ke2 Rb8
43.Rd2 Nf5 44.Rc4 Be7 45.Kf3 Rb7 46.Rc3 Rb4 47.Rc7 Rb3+ 48.Rc3 Rb7 49.Rc6 Bh4
50.Rd3 Rxb2 51.Rc8+ Kg7 52.Rc7 Rf2+ 53.Ke4 Rb2 54.Kf3 Rf2+ 55.Ke4 Re2+ 56.Kf3 Rf2+  1/2-1/2

[Event "TCh-BIH"]
[Site "Neum BIH"]
[Date "2002.06.04"]
[Round "4"]
[White "Kurajica,B"]
[Black "Dumpor,A"]
[Result "1-0"]
[WhiteElo "2555"]
[BlackElo "2376"]

1.Nf3 Nf6 2.c4 g6 3.g3 Bg7 4.Bg2 O-O 5.O-O d5 6.d4 dxc4 7.Na3 c5 8.Nxc4 Nc6
9.dxc5 Ne4 10.Be3 Qxd1 11.Rfxd1 Be6 12.Nce5 Nxe5 13.Nxe5 Nxc5 14.Bxc5 Bxe5
15.Bxe7 Rfe8 16.Ba3 Rac8 17.Bxb7 Rc2 18.Be4 Rxe2 19.Bd3 Rxb2 20.Bxb2 Bxb2
21.Rab1 Ba3 22.Bb5 Rb8 23.Ba4 Rf8 24.Rb7 Bc5 25.Bb3 Bh3 26.Re1 a5 27.Re5 Bb4
28.Re4 Bd6 29.Rd4 Bc5 30.Rf4 Bf5 31.Rxf7 Rxf7 32.Bxf7+ Kg7 33.Bb3 h5 34.Rc4 Bb4
35.Rc7+ Kf6 36.f4 g5 37.Rc6+ Ke7 38.fxg5 Bd7 39.Rc2 Bf5 40.Re2+ Kd6 41.g6 Bc3
42.Kf2 a4 43.Bxa4 Bxg6 44.Be8  1-0

[Event "Open"]
[Site "Lido Estensi ITA"]
[Date "2002.06.13"]
[Round "6"]
[White "Rebers,E"]
[Black "Tomba,I"]
[Result "1/2-1/2"]
[WhiteElo "2342"]
[BlackElo "2121"]

1.Nf3 Nf6 2.c4 g6 3.g3 Bg7 4.Bg2 O-O 5.O-O d6 6.Nc3 c5 7.Rb1 Nc6 8.a3 Rb8
9.b4 b6 10.d3 Bb7 11.Bd2 Ng4 12.Ne1 f5 13.Qa4 Qd7 14.b5 Na5 15.Nd1 Bxg2 16.Nxg2 Qd8
17.Nf4 Kf7 18.f3 Nf6 19.e4 e5 20.Nd5 Nxd5 21.cxd5 Nb7 22.Nb2 Ra8 23.Nc4 Kg8
24.Qc2 h5 25.a4 f4 26.gxf4 exf4 27.Kh1 Bd4 28.Bc3 Qf6 29.Bxd4 Qxd4 30.Rg1 Kh7
31.Rg5 Rf6 32.Rbg1 Rg8 33.Qg2 Qxd3 34.e5 Rff8 35.Qh3 Rf5 36.Nb2 Qc2 37.R1g2 Qb1+
38.Rg1 Qc2 39.R5g2 Qc3 40.Nc4 Kh6 41.Qxf5 gxf5 42.Rxg8 Qxf3+  1/2-1/2

[Event "Open"]
[Site "Lido Estensi ITA"]
[Date "2002.06.14"]
[Round "7"]
[White "Sarno,S"]
[Black "Kort,J"]
[Result "1/2-1/2"]
[WhiteElo "2399"]
[BlackElo "2250"]

1.Nf3 g6 2.c4 Bg7 3.g3 Nf6 4.Bg2 O-O 5.O-O d6 6.Nc3 c6 7.d3 d5 8.cxd5 Nxd5
9.Bd2 e6 10.Qc1 Re8 11.Bh6 Bh8 12.d4 b6 13.e4 Nxc3 14.bxc3 Nd7 15.e5 Ba6
16.Re1 Bc4 17.Ng5 Bd5 18.Bh3 b5 19.Qf4 Qe7 20.Bf1 f6 21.exf6 Bxf6 22.a4 a6
23.Bh3 Bxg5 24.Bxg5 Qf7 25.a5 c5 26.Rad1  1/2-1/2

[Event "IV Shakkinet B"]
[Site "Helsinki FIN"]
[Date "2002.07.03"]
[Round "10"]
[White "Parkkinen,J"]
[Black "Skrjabin,I"]
[Result "1/2-1/2"]
[WhiteElo "2169"]
[BlackElo "2114"]

1.Nf3 Nf6 2.c4 g6 3.g3 Bg7 4.Bg2 O-O 5.O-O d6 6.d4 Nc6 7.Nc3 a6 8.b3 Rb8
9.Bb2 Bd7 10.Rc1 b5 11.cxb5 axb5 12.Ne1 b4 13.Na4 Na5 14.Nd3 Rb5 15.Qc2 Ne8
16.e4 Qb8 17.Nf4 c6 18.Rfd1 Bg4 19.f3 Bd7 20.Bf1 Bh6 21.Ba1 Rb7 22.e5 Bf5
23.Bd3 Bxd3 24.Qxd3 Rb5 25.Qe2 Ng7 26.Rc2 Nf5 27.Ng2 dxe5 28.dxe5 e6 29.f4 Rd8
30.Rcd2 Rbd5 31.Rxd5 Rxd5 32.Rxd5 cxd5 33.g4 Ne7 34.Bd4 Nac6 35.Bc5 Qb7 36.h4 d4
37.Qe4 Qd7 38.Bxe7 Nxe7 39.Nb6 Qd8 40.Qa8 Qxa8 41.Nxa8 Nd5 42.g5 Bf8 43.Kf2 Nc3
44.Ne1 Nxa2 45.Nd3 Nc3 46.Kf3 Nd5 47.Ke4 Ne3 48.Nc7 Nf5 49.Na6 Nxh4 50.Naxb4 h5
51.gxh6 Bxh6 52.Nc6 g5 53.fxg5 Bxg5 54.b4 f5+ 55.exf6 Bxf6 56.Nxd4 Kf7 57.b5 Nf5
58.Nxf5 exf5+ 59.Kd5 Bd8 60.Kd6 Bb6 61.Ne5+ Ke8 62.Nc4 Ba7 63.Ke5 Kd8 64.Kxf5 Kc7
65.Ke6 Kb7 66.Kd7 Bg1  1/2-1/2

[Event "FSGM July"]
[Site "Budapest HUN"]
[Date "2002.07.07"]
[Round "2"]
[White "Horvath,Jo"]
[Black "Toth,An1"]
[Result "1-0"]
[WhiteElo "2535"]
[BlackElo "2401"]

1.Nf3 Nf6 2.c4 g6 3.g3 Bg7 4.Bg2 O-O 5.O-O d6 6.Nc3 Nc6 7.d3 e5 8.Rb1 a5
9.a3 Nh5 10.b4 axb4 11.axb4 f5 12.b5 Ne7 13.Qb3 Kh8 14.Bb2 h6 15.Ra1 Rb8
16.c5 dxc5 17.Na4 Qd6 18.Qc3 b6 19.Nxe5 Bd7 20.Nc4 Bxc3 21.Bxc3+ Qf6 22.Bxf6+ Nxf6
23.Nc3 Be6 24.Ra7 Rfc8 25.Ne5 Kg7 26.Rfa1 g5 27.R1a6 Ne8 28.Bb7 Rd8 29.Nc6 Nxc6
30.Bxc6 Rbc8 31.Bxe8 Rxe8 32.Rxb6 c4 33.d4  1-0

[Event "Open"]
[Site "Oberwart AUT"]
[Date "2002.07.08"]
[Round "4"]
[White "Stuhlik,M"]
[Black "Timoscenko,G"]
[Result "0-1"]
[WhiteElo "2244"]
[BlackElo "2522"]

1.Nf3 Nf6 2.g3 g6 3.c4 Bg7 4.Bg2 O-O 5.O-O d6 6.d4 Nc6 7.Nc3 Bf5 8.d5 Na5
9.Nd4 Bd7 10.Qd3 c5 11.dxc6 Nxc6 12.Nxc6 bxc6 13.Bd2 Rb8 14.b3 d5 15.cxd5 cxd5
16.Bf4 Rc8 17.Be5 e6 18.Rac1 Qb6 19.Qd4 Qxd4 20.Bxd4 Ng4 21.Bxg7 Kxg7 22.Rfd1 Rc7
23.e3 Rfc8 24.Ne2 Rc2 25.Rxc2 Rxc2 26.a4 Rxe2 27.Bf3  0-1

[Event "Open Championships"]
[Site "Paris FRA"]
[Date "2002.07.08"]
[Round "3"]
[White "Veron,C"]
[Black "Bellaiche,A"]
[Result "0-1"]
[WhiteElo "2101"]
[BlackElo "2369"]

1.c4 Nf6 2.Nf3 g6 3.g3 Bg7 4.Bg2 O-O 5.O-O d6 6.d4 Nbd7 7.Nc3 c6 8.e4 e5
9.h3 h6 10.Re1 Re8 11.Be3 Qc7 12.Qd2 Kh7 13.Rac1 Nf8 14.b4 exd4 15.Nxd4 Ne6
16.Nd5 Qd8 17.Nxf6+ Qxf6 18.Rcd1 Rd8 19.b5 Bd7 20.bxc6 bxc6 21.Nb3 Be8 22.f4 Qc3
23.Qe2 a5 24.Rc1 Qb4 25.Rb1 Rab8 26.f5 Nf8 27.Bd2 Bc3 28.a3 Qxa3 29.Bxc3 Rxb3
30.Rxb3 Qxb3 31.Bxa5 Ra8 32.Bc7 Ra2 33.Qe3 Qc2 34.Qf3 Qxc4 35.Rd1 Qc5+ 36.Kh2 Rf2
37.Qd3 d5 38.exd5 cxd5 39.Be5 Rxf5 40.Bb2 Ne6 41.Rc1 Qb5 42.Qc3 d4 43.Qd2 Qb6
44.Rd1 Bc6 45.Bxc6 Qxc6 46.Rc1 Qd5 47.Re1 Ng5  0-1

[Event "Open"]
[Site "Oberwart AUT"]
[Date "2002.07.09"]
[Round "5"]
[White "Cvitan,O"]
[Black "Fercec,N"]
[Result "1-0"]
[WhiteElo "2574"]
[BlackElo "2494"]

1.Nf3 Nf6 2.g3 g6 3.Bg2 Bg7 4.c4 O-O 5.O-O d6 6.d4 Nc6 7.Nc3 a6 8.Re1 Rb8
9.Rb1 Bf5 10.e4 Bg4 11.Be3 Nd7 12.Ne2 e5 13.d5 Ne7 14.Nd2 f5 15.f3 Bh5 16.Bg5 h6
17.Bxe7 Qxe7 18.Nc3 Qg5 19.Nf1 Rf7 20.h3 Rbf8 21.b4 Qd8 22.g4 fxg4 23.fxg4 Qh4
24.gxh5 gxh5 25.Ne2 Qf2+ 26.Kh1 h4 27.Ng1 Nf6 28.Ne3 Qg3 29.Nf5 Qg5 30.Nf3 Qg4  1-0